书目信息 |
| 题名: |
毛蓓蕾思想品德教育艺术
|
|
| 作者: | 高峰 , 哈敬 | |
| 分册: | ||
| 出版信息: | 浙江 浙江教育 1985 |
|
| 页数: | 212页 | |
| 开本: | 19cm | |
| 丛书名: | ||
| 单 册: | ||
| 中图分类: | G416 | |
| 科图分类: | ||
| 主题词: | 思想政治教育--学校教育 , 德育--学校教育 | |
| 电子资源: | ||
| ISBN: | ||
| 000 | 00579nam0 2200205 450 | |
| 001 | 0753865015 | |
| 005 | 20070818145745.01 | |
| 010 | @d¥0.91 | |
| 100 | @a20070818d km y0chiy0120 ea | |
| 101 | 0 | @achi |
| 200 | 1 | @a毛蓓蕾思想品德教育艺术@Amao bei lei si xiang pin de jiao yu yi shu@f高峰,哈敬@Fgao feng,ha jing |
| 210 | @a浙江@c浙江教育@d1985 | |
| 215 | @a212页@d19cm | |
| 606 | 0 | @a思想政治教育--学校教育 |
| 606 | 0 | @a德育--学校教育 |
| 690 | @aG416@v3 | |
| 701 | 0 | @a高峰@Agao feng |
| 701 | 0 | @a哈敬@Aha jing |
| 801 | 0 | @aCN@bPFT@c20070818 |
| 905 | @a213230@dG416@ee148@f1 | |
| 毛蓓蕾思想品德教育艺术/高峰,哈敬.-浙江:浙江教育,1985 |
| 212页;19cm |
| ISBN :¥0.91 |
| ● |
| 相关链接 |
|
|
|
|
正题名:毛蓓蕾思想品德教育艺术
索取号:G416/e148
 
预约/预借
| 序号 | 登录号 | 条形码 | 馆藏地/架位号 | 状态 | 备注 |
| 1 | 6301726 | 263017265 | 教育系资料室/ [索取号:G416/e148] | 在馆 | |
| 2 | 6301727 | 263017274 | 教育系资料室/ [索取号:G416/e148] | 在馆 | |
| 3 | 6301728 | 263017283 | 教育系资料室/ [索取号:G416/e148] | 在馆 | |
| 4 | 6301729 | 263017292 | 教育系资料室/ [索取号:G416/e148] | 在馆 |